[Event "OSREDNJA SLOVENSKA LIGA 2025"]
[Site "gostovanja"]
[Date "2025.09.25"]
[Round "2.6"]
[White "Zlindra, Aljaz"]
[Black "Bratovic, Blaz"]
[Result "1/2-1/2"]
[WhiteElo "1995"]
[BlackElo "2291"]
[PlyCount "68"]
[EventDate "2025.09.18"]
[WhiteTeam "SD VRHNIKA"]
[BlackTeam "SK TRZIN BUSCOTRADE"]

1. e4 c5 2. Nf3 d6 3. d4 cxd4 4. Nxd4 Nf6 5. Nc3 a6 6. Be3 e5 7. Nb3 Be6 8. f3
h5 9. Qd2 Nbd7 10. O-O-O Be7 11. Kb1 O-O 12. Nd5 Nxd5 13. exd5 Bf5 14. Bd3 Bxd3
15. Qxd3 Bg5 16. Nd2 Bxe3 17. Qxe3 Nc5 18. Ne4 Nxe4 19. fxe4 f5 20. exf5 Rxf5
21. Rhf1 Qg5 22. Qxg5 Rxg5 23. Rf2 Rf8 24. Rdf1 Rxf2 25. Rxf2 b5 26. Kc1 e4 27.
Kd2 Rxd5+ 28. Ke3 Re5 29. Kd4 b4 30. c3 Ra5 31. Kxe4 Rxa2 32. cxb4 Ra4 33. Kd5
Rxb4 34. Kxd6 Rb5 1/2-1/2

[Event "OSREDNJA SLOVENSKA LIGA 2025"]
[Site "gostovanja"]
[Date "2025.09.25"]
[Round "2.6"]
[White "Krupenko, Peter"]
[Black "Praznik, Anton"]
[Result "1-0"]
[WhiteElo "1968"]
[BlackElo "1962"]
[PlyCount "95"]
[EventDate "2025.09.18"]
[WhiteTeam "SK TRZIN BUSCOTRADE"]
[BlackTeam "SD VRHNIKA"]

1. Nf3 Nf6 2. d4 g6 3. g3 Bg7 4. Bg2 O-O 5. O-O d6 6. c4 Nc6 7. Nc3 a6 8. b3
Rb8 9. Bb2 b5 10. cxb5 axb5 11. Rc1 b4 12. Na4 Na5 13. Qc2 c6 14. Nd2 Ba6 15.
Rfe1 Rc8 16. Bh3 e6 17. Ba1 Re8 18. e3 Rb8 19. Nb2 Bb5 20. Nd3 Nd5 21. Bf1 Bxd3
22. Qxd3 Nc3 23. Bxc3 bxc3 24. Ne4 c5 25. dxc5 dxc5 26. Nxc5 Qxd3 27. Bxd3 Red8
28. Bc2 Rd2 29. Ne4 f5 30. Nc5 Kf7 31. a3 Nc6 32. b4 Ne5 33. Red1 Rbd8 34. Nb3
Rxc2 35. Rxd8 Rb2 36. Nd4 Bf6 37. Rc8 Nd3 38. Rc7+ Kg8 39. R1xc3 Rb1+ 40. Kg2
Ne1+ 41. Kf1 Nc2+ 42. Ke2 Nxd4+ 43. exd4 Bxd4 44. Rc2 e5 45. Rd7 Rb2 46. Rxb2
Bxb2 47. a4 Bc3 48. a5 1-0

[Event "OSREDNJA SLOVENSKA LIGA 2025"]
[Site "gostovanja"]
[Date "2025.09.25"]
[Round "2.6"]
[White "Sever, Gasper"]
[Black "Pavlin, Damijan"]
[Result "1-0"]
[WhiteElo "1856"]
[BlackElo "1963"]
[PlyCount "103"]
[EventDate "2025.09.18"]
[WhiteTeam "SD VRHNIKA"]
[BlackTeam "SK TRZIN BUSCOTRADE"]

1. e4 c5 2. Nf3 Nc6 3. d4 cxd4 4. Nxd4 e5 5. Nb5 d6 6. N1c3 a6 7. Na3 Be7 8.
Nd5 Nf6 9. Nxf6+ Bxf6 10. Nc4 Be7 11. Be3 b5 12. Nb6 Rb8 13. Nxc8 Rxc8 14. Qd2
O-O 15. a4 Rb8 16. c3 Na5 17. Qd5 b4 18. Bxa6 bxc3 19. bxc3 Qc7 20. O-O Ra8 21.
Qd3 Nb3 22. Rab1 Nc5 23. Bxc5 Qxc5 24. Rb7 Qc6 25. Rxe7 Rxa6 26. Qb5 Qxb5 27.
axb5 Rb6 28. c4 Rc8 29. Ra7 f5 30. Ra6 Rbb8 31. Ra4 fxe4 32. Rd1 Rb6 33. Kf1
Kf7 34. Ke2 Ke6 35. Ke3 Rf8 36. Ra6 Rfb8 37. Rda1 R6b7 38. Kxe4 Rc8 39. R1a4 g5
40. Kd3 h5 41. Ra8 Rcc7 42. Rh8 h4 43. Rh6+ Ke7 44. Ra6 Rd7 45. Rg6 d5 46. Rg7+
Kf8 47. Rxd7 dxc4+ 48. Kxc4 Rxd7 49. b6 Ke7 50. Ra7 Kd6 51. Rxd7+ Kxd7 52. Kd5
1-0

[Event "OSREDNJA SLOVENSKA LIGA 2025"]
[Site "gostovanja"]
[Date "2025.09.25"]
[Round "2.6"]
[White "Abe, Blaz"]
[Black "Redek, Leon"]
[Result "1/2-1/2"]
[WhiteElo "1791"]
[BlackElo "1735"]
[PlyCount "53"]
[EventDate "2025.09.18"]
[WhiteTeam "SK TRZIN BUSCOTRADE"]
[BlackTeam "SD VRHNIKA"]

1. d4 d5 2. Nf3 Nf6 3. Bf4 c5 4. e3 e6 5. Nbd2 Nc6 6. Be2 Bd6 7. Bg3 O-O 8. O-O
Bxg3 9. hxg3 cxd4 10. exd4 a6 11. c3 b5 12. Ne5 Nxe5 13. dxe5 Nd7 14. Nf3 Qb6
15. Qd4 Rb8 16. Bd3 f5 17. Qxb6 Nxb6 18. b3 Bd7 19. Nd4 Rbc8 20. Rac1 Rc7 21.
Rc2 Rfc8 22. Rfc1 Kf7 23. f4 Ke7 24. Kf2 Be8 25. Be2 h5 26. Bd3 g5 27. Ke3
1/2-1/2

[Event "OSREDNJA SLOVENSKA LIGA 2025"]
[Site "gostovanja"]
[Date "2025.09.25"]
[Round "2.7"]
[White "Ivanec, Dezider"]
[Black "Srebrnic, Vojko"]
[Result "1/2-1/2"]
[WhiteElo "2032"]
[BlackElo "1964"]
[PlyCount "56"]
[EventDate "2025.09.18"]
[WhiteTeam "DRUSTVO KPSRD KAREL JERAJ"]
[BlackTeam "SK LJUBLJANA TAJFUN"]

1. c4 c5 2. Nc3 Nc6 3. g3 g6 4. Bg2 Bg7 5. e4 d6 6. Nge2 e6 7. O-O Nge7 8. d3
O-O 9. Be3 Nd4 10. Qd2 Nec6 11. Bh6 Rb8 12. Bxg7 Kxg7 13. Nxd4 Nxd4 14. Ne2
Nxe2+ 15. Qxe2 e5 16. a4 Qa5 17. f4 f6 18. f5 g5 19. h4 gxh4 20. Qg4+ Kh8 21.
Qxh4 Qd2 22. Rf2 Qe3 23. Bf3 Bd7 24. Kg2 Qg5 25. Qxg5 fxg5 26. b3 Kg7 27. Rh1
Rf6 28. Bh5 a5 1/2-1/2

[Event "OSREDNJA SLOVENSKA LIGA 2025"]
[Site "gostovanja"]
[Date "2025.09.25"]
[Round "2.7"]
[White "Sfiligoj, Anze"]
[Black "Kodela, Matjaz"]
[Result "1/2-1/2"]
[WhiteElo "1838"]
[BlackElo "1971"]
[PlyCount "119"]
[EventDate "2025.09.18"]
[WhiteTeam "SK LJUBLJANA TAJFUN"]
[BlackTeam "DRUSTVO KPSRD KAREL JERAJ"]

1. e4 c6 2. d3 d5 3. Nf3 Bg4 4. Be2 e6 5. c3 Nf6 6. Bg5 Be7 7. e5 Nfd7 8. Bxe7
Qxe7 9. d4 O-O 10. b4 b6 11. O-O c5 12. b5 a6 13. a4 Bxf3 14. gxf3 c4 15. Na3
f5 16. f4 Kh8 17. Bf3 Ra7 18. Kh1 Rg8 19. Rg1 a5 20. Rg5 Nf8 21. Qd2 g6 22. Nc2
Qd8 23. Rag1 Rag7 24. R1g3 h6 25. Rh3 Rh7 26. Rg1 g5 27. Rhg3 Rhg7 28. h3 Nbd7
29. R1g2 Qe7 30. Kg1 Kh7 31. Bh5 gxf4 32. Qxf4 Rxg3 33. Rxg3 Rxg3+ 34. Qxg3 Qg5
35. Qxg5 hxg5 36. Be8 Nb8 37. Ne3 Ng6 38. Ng2 Kg7 39. f4 Nxf4 40. Nxf4 gxf4 41.
Kf2 Kf8 42. Bc6 Ke7 43. h4 Nd7 44. Bxd7 Kxd7 45. Kf3 Ke7 46. Kxf4 Kf7 47. Kg5
Kg7 48. h5 Kh7 49. h6 Kg8 50. Kf4 Kh7 51. Kg5 Kg8 52. Kf4 Kh8 53. Kg5 Kh7 54.
Kh5 f4 55. Kg4 Kxh6 56. Kxf4 Kh5 57. Kf3 Kh4 58. Kf4 Kh5 59. Kf3 Kh4 60. Kf4
1/2-1/2

[Event "OSREDNJA SLOVENSKA LIGA 2025"]
[Site "gostovanja"]
[Date "2025.09.25"]
[Round "2.7"]
[White "Stimec, Marjan"]
[Black "Samotorcan, Gal"]
[Result "0-1"]
[WhiteElo "1842"]
[BlackElo "1692"]
[PlyCount "54"]
[EventDate "2025.09.18"]
[WhiteTeam "DRUSTVO KPSRD KAREL JERAJ"]
[BlackTeam "SK LJUBLJANA TAJFUN"]

1. c4 c6 2. d4 d5 3. e3 Nf6 4. Nf3 e6 5. Be2 Bd6 6. O-O O-O 7. Nc3 Nbd7 8. Qc2
a6 9. b3 e5 10. dxe5 Nxe5 11. Rd1 Bg4 12. Nxe5 Bxe5 13. Bb2 Qc8 14. Rac1 Bf5
15. Qd2 dxc4 16. Bxc4 Qc7 17. g3 b5 18. Bd3 Rad8 19. Qc2 Bxd3 20. Rxd3 Rxd3 21.
Qxd3 Rd8 22. Qc2 h5 23. f4 Bd6 24. Ne4 Be7 25. Nxf6+ Bxf6 26. Bxf6 gxf6 27.
Qxc6 Rd1+ 0-1

[Event "OSREDNJA SLOVENSKA LIGA 2025"]
[Site "gostovanja"]
[Date "2025.09.25"]
[Round "2.7"]
[White "Verbic, Jan"]
[Black "Mlacnik, Janez"]
[Result "0-1"]
[WhiteElo "1669"]
[BlackElo "1875"]
[PlyCount "79"]
[EventDate "2025.09.18"]
[WhiteTeam "SK LJUBLJANA TAJFUN"]
[BlackTeam "DRUSTVO KPSRD KAREL JERAJ"]

1. e4 e6 2. e5 Nc6 3. d4 d5 4. exd6 Bxd6 5. Nf3 Nf6 6. c3 O-O 7. Be2 e5 8. Be3
Nd5 9. O-O Nf4 10. d5 Nxe2+ 11. Qxe2 Ne7 12. c4 Ng6 13. Nc3 f5 14. Rad1 e4 15.
Ne1 f4 16. Bd4 f3 17. Qxe4 fxg2 18. Nxg2 Nf4 19. c5 Bh3 20. cxd6 Bxg2 21. Qe5
Qd7 22. Rfe1 Rae8 23. Qxg7+ Qxg7 24. Bxg7 Rxe1+ 25. Rxe1 Kxg7 26. Re7+ Kf6 27.
Rxc7 Bf3 28. h4 Nd3 29. Kh2 Nxf2 30. Kg1 Nh3+ 31. Kh2 Nf2 32. Kg1 Ne4 33. Kh2
Nxc3 34. bxc3 Bxd5 35. c4 Be4 36. Re7 Bc6 37. Rxh7 Ke6 38. c5 Kd5 39. Rh5+ Kd4
40. Rh7 {nejasno (45)} 0-1

[Event "OSREDNJA SLOVENSKA LIGA 2025"]
[Site "gostovanja"]
[Date "2025.09.25"]
[Round "2.8"]
[White "Levacic, Matic"]
[Black "Grdic, Vili"]
[Result "1-0"]
[WhiteElo "1875"]
[BlackElo "1744"]
[PlyCount "95"]
[EventDate "2025.09.18"]
[WhiteTeam "ZELENCI LPP"]
[BlackTeam "GIMNAZIJA KRANJ"]

1. e4 e5 2. Nf3 Nc6 3. Bc4 Bc5 4. d3 Nf6 5. c3 h6 6. Nbd2 O-O 7. O-O d6 8. h3
Be6 9. Bb5 Ne7 10. Ba4 Ng6 11. Re1 Nf4 12. Nf1 N6h5 13. Be3 Bb6 14. d4 Qf6 15.
Kh2 Qg6 16. Ng3 Nxg3 17. fxg3 Nh5 18. g4 Bxg4 19. hxg4 Qxg4 20. Ng1 Qg3+ 21.
Kh1 Qh4+ 22. Nh3 Ng3+ 23. Kh2 f5 24. Bf2 f4 25. Qd3 Rf6 26. Bxg3 fxg3+ 27. Qxg3
Qxg3+ 28. Kxg3 exd4 29. Rf1 Raf8 30. Rxf6 Rxf6 31. Nf4 c6 32. Bb3+ Kf8 33. cxd4
Ke7 34. d5 Bd4 35. Ne6 Bxb2 36. Rb1 Be5+ 37. Kh3 c5 38. Nxg7 b5 39. Nf5+ Kf7
40. Bd1 b4 41. Be2 a5 42. Rf1 Kg6 43. Ne7+ Kf7 44. Nc6 Bc3 45. Nxa5 Rxf1 46.
Bxf1 Bd2 47. Nc4 Bf4 48. g3 1-0

[Event "OSREDNJA SLOVENSKA LIGA 2025"]
[Site "gostovanja"]
[Date "2025.09.25"]
[Round "2.8"]
[White "Kocjancic, Luka"]
[Black "Novakovic, Gosto"]
[Result "0-1"]
[WhiteElo "1588"]
[BlackElo "1841"]
[PlyCount "79"]
[EventDate "2025.09.18"]
[WhiteTeam "GIMNAZIJA KRANJ"]
[BlackTeam "ZELENCI LPP"]

1. d4 g6 2. c4 e6 3. Nc3 Bg7 4. e4 c6 5. Bf4 Qb6 6. c5 Qxb2 7. Nge2 Bxd4 8.
Qxd4 Qxa1+ 9. Kd2 Qb2+ 10. Kd3 f6 11. g4 Qa3 12. Bg2 Na6 13. Bd6 Nb4+ 14. Kd2
Qb2+ 15. Kd1 Nxa2 16. g5 Nxc3+ 17. Nxc3 Kf7 18. Re1 b6 19. gxf6 b5 20. Re2 Qb3+
21. Ke1 Qc4 22. Qe5 b4 23. Nd1 Ba6 24. Bf1 Qc1 25. f4 Bxe2 26. Bxe2 h5 27. f5
gxf5 28. exf5 Nxf6 29. fxe6+ dxe6 30. Qd4 a5 31. Be5 Qg5 32. h4 Qf5 33. Ne3
Qb1+ 34. Kf2 Rh6 35. Bf4 Rg6 36. Bg5 Ne4+ 37. Kg2 Nxg5 38. Bxh5 Qe4+ 39. Qxe4
Nxe4+ 40. Kf3 0-1

[Event "OSREDNJA SLOVENSKA LIGA 2025"]
[Site "gostovanja"]
[Date "2025.11.20"]
[Round "9.1"]
[White "Medvesek, Janez"]
[Black "Justin, Matjaz"]
[Result "0-1"]
[WhiteElo "1962"]
[BlackElo "2210"]
[PlyCount "31"]
[EventDate "2025.09.18"]
[WhiteTeam "SK VISNJA GORA 1"]
[BlackTeam "SD VRHNIKA"]

1. d4 Nf6 2. c4 e6 3. Nc3 Bb4 4. f3 c5 5. d5 Nh5 6. Nh3 Qh4+ 7. Nf2 Qxc4 8. e4
Bxc3+ 9. bxc3 Qxc3+ 10. Bd2 Qa3 11. g4 Nf6 12. g5 Ng8 13. Rc1 d6 14. dxe6 fxe6
15. Bc3 Kf7 16. Qxd6 0-1

[Event "OSREDNJA SLOVENSKA LIGA 2025"]
[Site "gostovanja"]
[Date "2025.11.20"]
[Round "9.1"]
[White "Zlindra, Aljaz"]
[Black "Vidonja, Taja"]
[Result "1-0"]
[WhiteElo "1995"]
[BlackElo "1722"]
[PlyCount "95"]
[EventDate "2025.09.18"]
[WhiteTeam "SD VRHNIKA"]
[BlackTeam "SK VISNJA GORA 1"]

1. e4 c6 2. d4 d5 3. f3 dxe4 4. fxe4 e5 5. Nf3 Bg4 6. Bc4 Bxf3 7. Qxf3 Qh4+ 8.
g3 Qf6 9. Qb3 Qe7 10. O-O f6 11. Bxg8 exd4 12. Bf4 Na6 13. Qe6 Qxe6 14. Bxe6
Nc5 15. Bh3 Be7 16. Na3 b5 17. Rad1 Na4 18. Bc1 Rd8 19. Bg2 a6 20. Nb1 O-O 21.
b3 Nb6 22. c3 dxc3 23. Nxc3 b4 24. Ne2 c5 25. Be3 Bd6 26. Rxd6 Rxd6 27. Bxc5
Rd2 28. Bxf8 Kxf8 29. Nc1 Nd7 30. Bf3 Ne5 31. Be2 a5 32. Kf2 Rc2 33. Ke3 Ke7
34. Nd3 Nxd3 35. Bxd3 Rxh2 36. Rf2 Rh5 37. Rf5 Rh3 38. Kf3 Rh1 39. Rxa5 Rd1 40.
Ra7+ Kd6 41. Be2 Rd2 42. Rxg7 Rxa2 43. Rxh7 Rc2 44. Bc4 Ke5 45. Re7+ Kd4 46.
Re6 Rc3+ 47. Kf4 Re3 48. Rd6+ 1-0

[Event "OSREDNJA SLOVENSKA LIGA 2025"]
[Site "gostovanja"]
[Date "2025.11.20"]
[Round "9.1"]
[White "Sotirov, Slavko"]
[Black "Vodnik, Val"]
[Result "0-1"]
[WhiteElo "1809"]
[BlackElo "1777"]
[PlyCount "108"]
[EventDate "2025.09.18"]
[WhiteTeam "SK VISNJA GORA 1"]
[BlackTeam "SD VRHNIKA"]

1. e4 e5 2. c4 Nc6 3. Nf3 Bc5 4. a3 a5 5. Nc3 d6 6. d3 Nge7 7. Be3 f5 8. h3 g6
9. Bg5 Be6 10. Nd5 Bxd5 11. cxd5 Nd4 12. Nxd4 Bxd4 13. Qd2 O-O 14. Be3 c5 15.
Be2 Qd7 16. O-O b6 17. Bxd4 exd4 18. b4 Rfb8 19. Rfb1 Kg7 20. Qf4 Rf8 21. bxc5
fxe4 22. Qxe4 bxc5 23. Rb6 Rae8 24. Qg4 Qxg4 25. Bxg4 Nxd5 26. Rxd6 Nf4 27. Rd1
h5 28. Bf3 Nxh3+ 29. gxh3 Rxf3 30. Kg2 Rf5 31. Rd2 Rb8 32. Ra6 c4 33. dxc4 Rb3
34. Ra2 Rc3 35. Rc6 d3 36. Rd2 Rxa3 37. Rd6 Rc3 38. Rd4 Rc5 39. R2xd3 R3xc4 40.
Rd6 Rc3 41. h4 Rxd3 42. Rxd3 a4 43. Rd7+ Kf6 44. Ra7 Rc4 45. Kg3 Rg4+ 46. Kh3
Kf5 47. f3 Rb4 48. Kg3 Ke5 49. Ra5+ Kd4 50. Ra6 Kc3 51. Rxg6 a3 52. Ra6 Kb2 53.
f4 Rb3+ 54. Kg2 a2 0-1

[Event "OSREDNJA SLOVENSKA LIGA 2025"]
[Site "gostovanja"]
[Date "2025.11.20"]
[Round "9.1"]
[White "Redek, Leon"]
[Black "Zunic, Bostjan"]
[Result "1/2-1/2"]
[WhiteElo "1735"]
[BlackElo "1617"]
[PlyCount "141"]
[EventDate "2025.09.18"]
[WhiteTeam "SD VRHNIKA"]
[BlackTeam "SK VISNJA GORA 1"]

1. d4 d5 2. Nf3 Nf6 3. e3 e6 4. c4 Bb4+ 5. Nc3 O-O 6. Bd3 Bxc3+ 7. bxc3 Nc6 8.
O-O b6 9. Qc2 h6 10. cxd5 Qxd5 11. e4 Qd8 12. e5 Nd5 13. Ba3 Nce7 14. Rac1 Nf4
15. Be4 Rb8 16. Rfd1 Bb7 17. Bxb7 Rxb7 18. Qe4 Nfd5 19. c4 c6 20. cxd5 cxd5 21.
Qd3 Rc7 22. Rxc7 Qxc7 23. Rc1 Qb7 24. Ne1 Rc8 25. Rxc8+ Nxc8 26. Nc2 a5 27. h3
b5 28. Bc5 b4 29. Qb3 Nb6 30. a3 Nc4 31. axb4 axb4 32. Qxb4 Qc8 33. Na3 Nxa3
34. Qxa3 Qb7 35. Qb4 Qa8 36. Kh2 Qa2 37. Qe1 Qc2 38. f4 Qf5 39. Qf2 Kh7 40. g4
Qe4 41. f5 Kg8 42. fxe6 fxe6 43. Qg3 Qe2+ 44. Qg2 Qd3 45. h4 Qe3 46. g5 Qf4+
47. Qg3 Qd2+ 48. Kh3 h5 49. g6 Qe2 50. Bb4 Qf1+ 51. Kh2 Qe2+ 52. Qg2 Qd3 53.
Bc5 Qf5 54. Bb6 Qf4+ 55. Qg3 Qd2+ 56. Kh3 Qe2 57. Bd8 Qf1+ 58. Kh2 Qe2+ 59. Kg1
Qd1+ 60. Kg2 Qxd4 61. Kh2 Qe4 62. Be7 Qe2+ 63. Kh3 Qf1+ 64. Kh2 Qe2+ 65. Kg1
Qd1+ 66. Kf2 Qd2+ 67. Kf3 Qd3+ 68. Kg2 Qe2+ 69. Kh1 Qf1+ 70. Qg1 Qh3+ 71. Qh2
1/2-1/2

[Event "OSREDNJA SLOVENSKA LIGA 2025"]
[Site "gostovanja"]
[Date "2025.11.20"]
[Round "9.2"]
[White "Sajovic, Marko"]
[Black "Lucovnik, Tilen"]
[Result "0-1"]
[WhiteElo "2030"]
[BlackElo "2154"]
[PlyCount "86"]
[EventDate "2025.09.18"]
[WhiteTeam "SK MEDVODE"]
[BlackTeam "SK KOMENDA POPOTNIK"]

1. e4 d6 2. d4 Nf6 3. Bd3 e5 4. d5 Be7 5. Ne2 O-O 6. O-O Nbd7 7. c4 a5 8. f4
exf4 9. Bxf4 Ng4 10. Nd4 Nge5 11. Nc3 Bf6 12. Nf3 Qe7 13. Qc2 Nxd3 14. Qxd3 Nc5
15. Qc2 Bxc3 16. Qxc3 Qxe4 17. Nd4 Bd7 18. Rae1 Qd3 19. Rf3 Qxc3 20. Rxc3 Rfe8
21. Rce3 Kf8 22. Kf1 Rxe3 23. Rxe3 Re8 24. Rxe8+ Kxe8 25. Ke2 Na4 26. Bc1 f5
27. a3 h6 28. h4 Kf7 29. Kf3 Nb6 30. c5 dxc5 31. Nb3 Nxd5 32. Nxa5 b6 33. Nc4
Ke6 34. g3 Bb5 35. Ne3 Nf6 36. g4 fxg4+ 37. Nxg4 Be2+ 38. Kxe2 Nxg4 39. Kf3 Kf5
40. a4 Ne5+ 41. Ke3 Ng6 42. Kf2 Nxh4 43. b3 Ke4 0-1

[Event "OSREDNJA SLOVENSKA LIGA 2025"]
[Site "gostovanja"]
[Date "2025.11.20"]
[Round "9.2"]
[White "Zidar, Jernej"]
[Black "Rici, Jurij"]
[Result "1/2-1/2"]
[WhiteElo "2036"]
[BlackElo "1900"]
[PlyCount "97"]
[EventDate "2025.09.18"]
[WhiteTeam "SK KOMENDA POPOTNIK"]
[BlackTeam "SK MEDVODE"]

1. d4 d5 2. c4 e6 3. Nf3 Nf6 4. g3 Be7 5. Bg2 O-O 6. O-O Nbd7 7. Qc2 dxc4 8.
Qxc4 Nb6 9. Qc2 Bd7 10. Ne5 Rb8 11. Bd2 Bd6 12. a4 Nbd5 13. Nd3 Nb6 14. a5 Na8
15. e4 Be7 16. Rc1 Bb5 17. Nc3 Bxd3 18. Qxd3 c6 19. e5 Nd5 20. Ne4 Nac7 21. h4
a6 22. h5 f5 23. exf6 Nxf6 24. h6 g6 25. Bh3 e5 26. Qb3+ Kh8 27. Nxf6 Bxf6 28.
Bb4 Rg8 29. dxe5 Bxe5 30. Bc3 Qf6 31. Bxe5 Qxe5 32. Re1 Qf6 33. Ra4 Nd5 34. Re6
Qg5 35. Bg2 Qc1+ 36. Kh2 Qxh6+ 37. Rh4 Qg7 38. Bxd5 cxd5 39. Qxd5 Rgf8 40. Re2
Rf5 41. Qd2 Rbf8 42. b4 Qf6 43. Kg1 h5 44. Rd4 Kg7 45. Rd7+ Rf7 46. Rxf7+ Qxf7
47. Qd4+ Kh7 48. Rc2 Rd5 49. Rc7 1/2-1/2

[Event "OSREDNJA SLOVENSKA LIGA 2025"]
[Site "gostovanja"]
[Date "2025.11.20"]
[Round "9.2"]
[White "Porenta, Matija"]
[Black "Juhant, Igor"]
[Result "1/2-1/2"]
[WhiteElo "1831"]
[BlackElo "1972"]
[PlyCount "105"]
[EventDate "2025.09.18"]
[WhiteTeam "SK MEDVODE"]
[BlackTeam "SK KOMENDA POPOTNIK"]

1. e4 c6 2. d4 d5 3. Nc3 dxe4 4. Nxe4 Nf6 5. Nxf6+ exf6 6. Nf3 Bf5 7. Bd3 Bxd3
8. Qxd3 Bd6 9. Be3 O-O 10. O-O Qc7 11. c4 Nd7 12. Rfe1 Rfd8 13. Qc2 g6 14. Rac1
Rac8 15. h3 Nf8 16. Qb3 Ne6 17. Kf1 b6 18. Red1 Bf8 19. Rd3 Nf4 20. Bxf4 Qxf4
21. Rcd1 Kg7 22. Qc2 Qf5 23. R3d2 Qxc2 24. Rxc2 f5 25. Rcd2 f6 26. b3 g5 27. d5
Bb4 28. Rd3 cxd5 29. Rxd5 Rxd5 30. Rxd5 Kg6 31. g4 fxg4 32. hxg4 h5 33. gxh5+
Kxh5 34. Nd4 Kg6 35. Nc2 Bc3 36. Ne3 Rc6 37. Ke2 Re6 38. Kf3 Bb4 39. Rd7 a5 40.
Nc2 Bc5 41. a3 f5 42. b4 g4+ 43. Kg2 axb4 44. axb4 Re2 45. bxc5 Rxc2 46. cxb6
Rxc4 47. Rd8 Rb4 48. Rb8 Kg5 49. b7 Kf4 50. Kh2 Rb2 51. Kg1 Rb1+ 52. Kg2 Rb2
53. Kg1 1/2-1/2

[Event "OSREDNJA SLOVENSKA LIGA 2025"]
[Site "gostovanja"]
[Date "2025.11.20"]
[Round "9.2"]
[White "Gabrovsek, Domen"]
[Black "Jese, Janez"]
[Result "0-1"]
[WhiteElo "1744"]
[BlackElo "1779"]
[PlyCount "130"]
[EventDate "2025.09.18"]
[WhiteTeam "SK KOMENDA POPOTNIK"]
[BlackTeam "SK MEDVODE"]

1. c4 e5 2. Nc3 Nf6 3. g3 d5 4. cxd5 Nxd5 5. Bg2 Be6 6. e4 Nb4 7. Bf1 N8c6 8.
a3 Nd3+ 9. Bxd3 Qxd3 10. Qe2 Qd7 11. Nf3 Bg4 12. Qe3 Nd4 13. Nxd4 exd4 14. Qg5
dxc3 15. bxc3 Bf3 16. Rg1 Be7 17. Qxg7 O-O-O 18. Qh6 Bxe4 19. d4 Rhe8 20. Be3
Bf3 21. Qxh7 Qb5 22. Qc2 Bg5 23. a4 Qc4 24. Qf5+ Kb8 25. Qxf3 Qxc3+ 26. Ke2
Qb2+ 27. Kd3 Qb3+ 28. Ke2 Qc4+ 29. Ke1 Qxd4 30. Rb1 b6 31. Rd1 Qxd1+ 32. Qxd1
Rxd1+ 33. Kxd1 Bxe3 34. fxe3 Rxe3 35. h4 Re8 36. h5 Rh8 37. Rh1 Rh6 38. g4 f6
39. Kd2 c6 40. Kc3 Kc7 41. Kd4 Kd6 42. Rh2 a6 43. Rb2 b5 44. Rf2 c5+ 45. Kd3
Kd5 46. Rf5+ Kd6 47. Kc3 Kc6 48. a5 Kd6 49. Kd3 c4+ 50. Kd4 Ke6 51. Kc5 Rh8 52.
Rf3 Rc8+ 53. Kd4 Rd8+ 54. Ke4 Rd1 55. Rh3 Kf7 56. h6 Kg8 57. Kf5 Rf1+ 58. Kg6
Rf4 59. g5 fxg5 60. h7+ Kh8 61. Re3 Rf8 62. Rg3 Rc8 63. Rxg5 c3 64. Kf7 Rc7+
65. Kf8 Kxh7 0-1

[Event "OSREDNJA SLOVENSKA LIGA 2025"]
[Site "gostovanja"]
[Date "2025.11.20"]
[Round "9.3"]
[White "Markoja Jeraj, Sebastijan"]
[Black "Bohorc, Edo"]
[Result "1/2-1/2"]
[WhiteElo "2212"]
[BlackElo "1983"]
[PlyCount "51"]
[EventDate "2025.09.18"]
[WhiteTeam "SK DOL PRI LJUBLJANI"]
[BlackTeam "SD CRNI GRABEN"]

1. e4 e6 2. d4 d5 3. Nd2 dxe4 4. Nxe4 Nd7 5. Nf3 Ngf6 6. Nxf6+ Nxf6 7. Be3 Nd5
8. Bd2 c5 9. c4 Nf6 10. dxc5 Bxc5 11. b4 Be7 12. a3 Ne4 13. Be3 Qxd1+ 14. Rxd1
O-O 15. Bd3 Nf6 16. O-O b6 17. Rc1 Ba6 18. Nd4 Rac8 19. Be2 Rfd8 20. Bf3 Bxc4
21. Nc6 Rxc6 22. Bxc6 Bxf1 23. Kxf1 Bd6 24. b5 Ng4 25. Rd1 Nxe3+ 26. fxe3
1/2-1/2

[Event "OSREDNJA SLOVENSKA LIGA 2025"]
[Site "gostovanja"]
[Date "2025.11.20"]
[Round "9.3"]
[White "Skok, Boris"]
[Black "Kampus, Andrej"]
[Result "1/2-1/2"]
[WhiteElo "1945"]
[BlackElo "2066"]
[PlyCount "31"]
[EventDate "2025.09.18"]
[WhiteTeam "SD CRNI GRABEN"]
[BlackTeam "SK DOL PRI LJUBLJANI"]

1. d4 Nf6 2. c4 c5 3. d5 b5 4. cxb5 a6 5. e3 g6 6. Nc3 Bg7 7. Nf3 O-O 8. a4 Bb7
9. Ra3 d6 10. Be2 axb5 11. Bxb5 Na6 12. O-O Nb4 13. e4 Ne8 14. Re1 Bc8 15. h3
Nc7 16. Bc4 1/2-1/2

[Event "OSREDNJA SLOVENSKA LIGA 2025"]
[Site "gostovanja"]
[Date "2025.11.20"]
[Round "9.3"]
[White "Azinovic, Igor"]
[Black "Osolin, Bogdan"]
[Result "0-1"]
[WhiteElo "1792"]
[BlackElo "1904"]
[PlyCount "42"]
[EventDate "2025.09.18"]
[WhiteTeam "SK DOL PRI LJUBLJANI"]
[BlackTeam "SD CRNI GRABEN"]

1. e4 e5 2. Bc4 Nf6 3. d3 c6 4. Nf3 d5 5. Bb3 Bd6 6. O-O O-O 7. Bg5 Be6 8. Nc3
d4 9. Ne2 Re8 10. Bxe6 Rxe6 11. Ng3 Nbd7 12. Nf5 Bf8 13. h3 Qc7 14. Nh2 c5 15.
Qd2 Nh5 16. Qe2 Nf4 17. Qg4 h5 18. Qh4 g6 19. Ne7+ Bxe7 20. Bxe7 f6 21. g3 g5
0-1

[Event "OSREDNJA SLOVENSKA LIGA 2025"]
[Site "gostovanja"]
[Date "2025.11.20"]
[Round "9.3"]
[White "Arlic, Nejc"]
[Black "Kosem, Rok"]
[Result "1-0"]
[WhiteElo "1838"]
[BlackElo "1765"]
[PlyCount "95"]
[EventDate "2025.09.18"]
[WhiteTeam "SD CRNI GRABEN"]
[BlackTeam "SK DOL PRI LJUBLJANI"]

1. e4 c5 2. c3 g6 3. d4 cxd4 4. cxd4 d5 5. e5 Nc6 6. Nf3 Bg4 7. Be2 Bg7 8. O-O
Nh6 9. Nbd2 f6 10. Nb3 O-O 11. h3 Bxf3 12. Bxf3 fxe5 13. dxe5 e6 14. Nd4 Nxd4
15. Qxd4 Nf5 16. Qb4 Bxe5 17. Qxb7 Nd4 18. Bd1 Rf7 19. Qa6 Qh4 20. Be3 Qe7 21.
Bxd4 Bxd4 22. Bg4 Rf6 23. Rae1 e5 24. Qb5 Rd8 25. Bd1 Qf7 26. Re2 a6 27. Qd3
Qa7 28. Qg3 e4 29. Kh1 e3 30. f3 Rf5 31. Bc2 Be5 32. f4 Bxf4 33. Rxf4 Rxf4 34.
Qxf4 d4 35. Qf6 Rb8 36. Bb3+ Rxb3 37. axb3 Qd7 38. Qf3 Kg7 39. Re1 Qb5 40. Qe2
Qe5 41. Qxa6 Qe4 42. Qe2 h5 43. Rd1 Kh6 44. b4 g5 45. Qa6+ Kg7 46. Qa7+ Kg6 47.
Qxd4 Qc2 48. Qd3+ 1-0

[Event "OSREDNJA SLOVENSKA LIGA 2025"]
[Site "gostovanja"]
[Date "2025.11.20"]
[Round "9.4"]
[White "Pisek, Igor"]
[Black "Lah, Emil"]
[Result "0-1"]
[WhiteElo "1842"]
[BlackElo "1953"]
[PlyCount "98"]
[EventDate "2025.09.18"]
[WhiteTeam "SK VISNJA GORA 2"]
[BlackTeam "SK TRZIN BUSCOTRADE"]

1. e4 c5 2. Nf3 d6 3. Nc3 Nf6 4. d4 cxd4 5. Nxd4 a6 6. Bd3 e5 7. Nb3 Be7 8. O-O
O-O 9. h3 Be6 10. Bg5 h6 11. Bh4 Nbd7 12. Qe2 Rc8 13. Rad1 b5 14. Rd2 g5 15.
Bg3 Qc7 16. h4 Nb6 17. Rfd1 Kg7 18. Qe3 Ng4 19. Qe1 gxh4 20. f3 hxg3 21. Qxg3
Bg5 22. fxg4 Bxd2 23. Rxd2 Qe7 24. Be2 Nc4 25. Bxc4 bxc4 26. Nc1 Qg5 27. Rd1 h5
28. N1e2 h4 29. Qf2 Rcd8 30. Qb6 Qxg4 31. Kf2 Qg5 32. Rxd6 Rxd6 33. Qxd6 Rd8
34. Qxa6 Rd2 35. Qa4 Qg3+ 36. Kf1 Qe3 37. Qb5 Kf6 38. Qb8 h3 39. Qh8+ Ke7 40.
gxh3 Qxh3+ 41. Qxh3 Bxh3+ 42. Ke1 Rxc2 43. b3 Bg4 44. Nd5+ Ke6 45. Nec3 cxb3
46. axb3 Bf3 47. Nc7+ Kd6 48. N7b5+ Kc5 49. Kf1 Kb4 0-1

[Event "OSREDNJA SLOVENSKA LIGA 2025"]
[Site "gostovanja"]
[Date "2025.11.20"]
[Round "9.4"]
[White "Krupenko, Peter"]
[Black "Kirasic, Branko"]
[Result "1-0"]
[WhiteElo "1968"]
[BlackElo "1938"]
[PlyCount "121"]
[EventDate "2025.09.18"]
[WhiteTeam "SK TRZIN BUSCOTRADE"]
[BlackTeam "SK VISNJA GORA 2"]

1. c4 Nf6 2. Nf3 e6 3. Nc3 d5 4. e3 Be7 5. Be2 O-O 6. b3 a6 7. Bb2 Nbd7 8. O-O
c6 9. Rc1 b5 10. cxd5 cxd5 11. d4 Bd6 12. Bd3 Bb7 13. Ne2 Rc8 14. h3 Rxc1 15.
Nxc1 Ne4 16. Bb1 Qc7 17. Ne2 f5 18. Ne1 f4 19. exf4 Bxf4 20. Nxf4 Qxf4 21. Nd3
Qg5 22. Qe2 Re8 23. Ne5 Nxe5 24. dxe5 Qd2 25. Re1 Qxe2 26. Rxe2 Rc8 27. Rc2 g6
28. Rxc8+ Bxc8 29. f3 Nc5 30. Bd4 Nb7 31. Kf2 a5 32. Bd3 Bd7 33. Bb6 Kf7 34.
Ke3 Bc6 35. Kd4 Ke7 36. h4 Be8 37. h5 Kf7 38. hxg6+ hxg6 39. a3 Ke7 40. b4 axb4
41. axb4 Kf7 42. Ke3 g5 43. f4 gxf4+ 44. Kxf4 Kg7 45. g4 Bd7 46. g5 Be8 47. Kg4
Bd7 48. Kh5 Be8+ 49. g6 Bc6 50. Kg5 Be8 51. Be2 Bc6 52. Bg4 Bd7 53. Bc7 Bc8 54.
Bh3 Bd7 55. Bf1 Be8 56. Bd3 Bc6 57. Kh5 Be8 58. Bb6 Bc6 59. Be3 Bd7 60. Bg5 Be8
61. Bf6+ 1-0